000 00260nam a22001217a 4500
008 260116b ||||| |||| 00| 0 eng d
041 _aeng
080 _a0003
100 _a20
101 _aart
245 _aNew Homes Journal
_cCedar Creek
942 _2lcc
_cBK
999 _c60754
_d60754